Library Banner

Biomaterials - Physics and Chemistry / (Record no. 92703)

MARC details
000 -LEADER
fixed length control field 00388nam a22001457a 4500
005 - DATE AND TIME OF LATEST TRANSACTION
control field 20170418112357.0
008 - FIXED-LENGTH DATA ELEMENTS--GENERAL INFORMATION
fixed length control field 170418b xxu||||| |||| 00| 0 eng d
020 ## - INTERNATIONAL STANDARD BOOK NUMBER
International Standard Book Number 9789533074184
040 ## - CATALOGING SOURCE
Transcribing agency PK-LaUMT
082 ## - DEWEY DECIMAL CLASSIFICATION NUMBER
Classification number 610.28
Item number BIO-
245 ## - TITLE STATEMENT
Title Biomaterials - Physics and Chemistry /
Statement of responsibility, etc edited by Rosario Pignatello
260 ## - PUBLICATION, DISTRIBUTION, ETC. (IMPRINT)
Place of publication, distribution, etc Rijeka :
Name of publisher, distributor, etc InTech,
Date of publication, distribution, etc 2016
300 ## - PHYSICAL DESCRIPTION
Extent 490 p.
942 ## - ADDED ENTRY ELEMENTS (KOHA)
Koha item type Books
Holdings
Withdrawn status Lost status Damaged status Home library Current library Date acquired Full call number Barcode Date last seen Price effective from Koha item type
      UMT Main Campus UMT Main Campus 2017-04-18 610.28 BIO- 107287 2017-04-18 2017-04-18 Books